Welcome to WEB OPAC of MRSPTU Central Library

Web Services and SOA : Principles and Technology (Record no. 10304)

MARC details
000 -LEADER
fixed length control field 00547nmm a22001697a 4500
003 - CONTROL NUMBER IDENTIFIER
control field OSt
005 - DATE AND TIME OF LATEST TRANSACTION
control field 20240516154106.0
008 - FIXED-LENGTH DATA ELEMENTS--GENERAL INFORMATION
fixed length control field 240516b |||||||| |||| 00| 0 eng d
040 ## - CATALOGING SOURCE
Transcribing agency MRSPTU
100 ## - MAIN ENTRY--PERSONAL NAME
Personal name Michael Papazoglou
245 ## - TITLE STATEMENT
Title Web Services and SOA : Principles and Technology
250 ## - EDITION STATEMENT
Edition statement 2nd
260 ## - PUBLICATION, DISTRIBUTION, ETC.
Place of publication, distribution, etc. New Delhi
Name of publisher, distributor, etc. Pearson
Date of publication, distribution, etc. 2011
600 ## - SUBJECT ADDED ENTRY--PERSONAL NAME
Source of heading or term Computer Science
856 ## - ELECTRONIC LOCATION AND ACCESS
Materials specified Click here to access the e-book
Uniform Resource Identifier <a href="https://ebookcentral.proquest.com/lib/gzsptuc/detail.action?docID=5136962&query=Web+Services+and+SOA">https://ebookcentral.proquest.com/lib/gzsptuc/detail.action?docID=5136962&query=Web+Services+and+SOA</a>
942 ## - ADDED ENTRY ELEMENTS (KOHA)
Source of classification or shelving scheme Dewey Decimal Classification
Koha item type eBook
Suppress in OPAC Yes
Holdings
Withdrawn status Lost status Source of classification or shelving scheme Damaged status Not for loan Home library Current library Date acquired Total checkouts Barcode Date last seen Price effective from Koha item type
    Dewey Decimal Classification     MRSPTU Central Library MRSPTU Central Library 05/16/2024   E-88 05/16/2024 05/16/2024 eBook

Website Designed and Developed by MRSPTU Central Library Team

E-mail Id: librarian@mrsptu.ac.in